[Event "Barcelona 150 aniversity 6"]
[Site "Barcelona"]
[Date "2019.04.26"]
[Round "1.2"]
[White "Gendre Diez, Virginia"]
[Black "Bermejo Cuadra, Robert"]
[Result "0-1"]
[WhiteElo "1174"]
[BlackElo "1214"]
[PlyCount "98"]
[EventDate "2019.04.26"]
[EventType "swiss"]
[EventRounds "9"]
[EventCountry "ESP"]
[SourceTitle "EXT 2024"]
[Source "ChessBase"]
[SourceDate "2023.10.10"]
[SourceVersion "1"]
[SourceVersionDate "2023.10.10"]
[SourceQuality "1"]

1. e4 e5 2. Nf3 d6 3. d4 exd4 4. Nxd4 c5 5. Nf3 Nc6 6. c3 h6 7. Bd3 Bg4 8. 0-0 Qf6 9. Nbd2 Ne5 10. Bb5+ Kd8 11. Be2 Ne7 12. h3 Nxf3+ 13. Nxf3 Bxf3 14. Bxf3 Kc7 15. Be3 Rd8 16. Qa4 Nc6 17. Rad1 a6 18. Qc2 Ne5 19. Be2 Be7 20. Qa4 Ra8 21. Qc2 Qe6 22. b3 Bf6 23. Bg4 Nxg4 24. hxg4 Bg5 25. f4 Be7 26. f5 Qc8 27. Qd2 f6 28. Qd5 Kb8 29. Bf4 Qc6 30. Qxc6 bxc6 31. Bxd6+ Bxd6 32. Rxd6 Kc7 33. Re6 Rhe8 34. Re1 Rxe6 35. fxe6 Kd6 36. e5+ fxe5 37. e7 Re8 38. b4 cxb4 39. cxb4 Rxe7 40. Rd1+ Kc7 41. a4 e4 42. Kf1 e3 43. Ke2 Re4 44. Rd3 Rxg4 45. Rxe3 Rxg2+ 46. Kf1 Rd2 47. b5 axb5 48. axb5 cxb5 49. Re7+ Rd7 0-1

[Event "Barcelona Tres Peons-F 47th"]
[Site "Barcelona"]
[Date "2018.04.27"]
[Round "1.2"]
[White "Sanfeliu Lopez, Jaume"]
[Black "Gendre Diez, Virginia"]
[Result "1-0"]
[WhiteElo "1720"]
[BlackElo "1233"]
[PlyCount "71"]
[EventDate "2018.04.27"]
[EventType "tourn"]
[EventRounds "9"]
[EventCountry "ESP"]
[SourceTitle "EXT 2024"]
[Source "ChessBase"]
[SourceDate "2023.10.10"]
[SourceVersion "1"]
[SourceVersionDate "2023.10.10"]
[SourceQuality "1"]

1. e4 e6 2. b3 d5 3. Bb2 Nf6 4. exd5 exd5 5. c4 c6 6. d4 Be6 7. Nf3 Nbd7 8. Be2 Be7 9. 0-0 Ne4 10. Nbd2 f5 11. a4 a5 12. Ne5 Nxe5 13. dxe5 Nxd2 14. Qxd2 Bg5 15. f4 Be7 16. g4 0-0 17. g5 dxc4 18. Qc3 Qb6+ 19. Kh1 Bc5 20. Bxc4 Bd5+ 21. Bxd5+ cxd5 22. e6 d4 23. Qc4 Qc6+ 24. Kg1 d3+ 25. Bd4 Bxd4+ 26. Qxd4 Rfd8 27. Qe3 Qe4 28. Qxe4 fxe4 29. Kf2 d2 30. Rad1 Kf8 31. Ke3 Ke7 32. f5 Rac8 33. Kxe4 Rc3 34. Rf2 Rcc8 35. Rfxd2 Rxd2 36. Rxd2 1-0